[Event "FIDE World Cup 2019"]
[Site "Khanty-Mansiysk RUS"]
[Date "2019.09.16"]
[Round "5"]
[White "Tomashevsky, Evgeny"]
[Black "Nepomniachtchi, Ian"]
[Result "1/2-1/2"]
[WhiteElo "2718"]
[BlackElo "2776"]
[PlyCount "60"]
[EventDate "2019.09.10"]

1. d4 Nf6 2. c4 g6 3. Nf3 Bg7 4. g3 c6 5. Bg2 d5 6. cxd5 cxd5 7. Ne5 Ne4 8. Nd2
Nf6 9. Nb1 Ne4 10. O-O O-O 11. Nc3 Nxc3 12. bxc3 Nc6 13. Nxc6 bxc6 14. Qa4 Qb6
15. Ba3 Qa6 16. Qxa6 Bxa6 17. Rfb1 Rfb8 18. Bxe7 Bxe2 19. Bf1 Bxf1 20. Kxf1 Bf8
21. Bxf8 Kxf8 22. Ke2 Ke7 23. Kd3 Kd6 24. Rb3 Rb6 25. Re1 Rab8 26. Kc2 h5 27.
h4 Kd7 28. Re3 Kd6 29. Re1 Kd7 30. Re3 Kd6 1/2-1/2

[Event "FIDE World Cup 2019"]
[Site "Khanty-Mansiysk RUS"]
[Date "2019.09.16"]
[Round "5"]
[White "Aronian, Levon"]
[Black "Matlakov, Maxim"]
[Result "1/2-1/2"]
[WhiteElo "2758"]
[BlackElo "2716"]
[PlyCount "50"]
[EventDate "2019.09.10"]

1. Nf3 d5 2. c4 d4 3. b4 c5 4. Bb2 Nf6 5. g3 Qc7 6. Bg2 e5 7. O-O Nc6 8. b5 Ne7
9. e3 Ng6 10. a4 Be7 11. a5 Rb8 12. d3 O-O 13. Nbd2 Bf5 14. Qb3 h6 15. Rfe1 b6
16. Ra3 Rfd8 17. Qa2 Rd7 18. Nf1 Rbd8 19. N3d2 Bf8 20. exd4 cxd4 21. axb6 axb6
22. Rb3 Re7 23. Ra3 Red7 24. Rb3 Re7 25. Ra3 Red7 1/2-1/2

[Event "FIDE World Cup 2019"]
[Site "Khanty-Mansiysk RUS"]
[Date "2019.09.16"]
[Round "5"]
[White "Safarli, Eltaj"]
[Black "Mamedyarov, Shakhriyar"]
[Result "0-1"]
[WhiteElo "2593"]
[BlackElo "2767"]
[PlyCount "90"]
[EventDate "2019.09.10"]

1. e4 e5 2. Nf3 d6 3. d4 exd4 4. Nxd4 Nf6 5. Nc3 Be7 6. Be2 O-O 7. O-O Re8 8.
Re1 Bf8 9. Bg5 h6 10. Bh4 g5 11. Bg3 Nxe4 12. Nxe4 Rxe4 13. Bf3 Rxe1+ 14. Qxe1
c6 15. Rd1 Qf6 16. c4 Na6 17. b4 Nxb4 18. Qxb4 c5 19. Qb2 cxd4 20. Bd5 Bg7 21.
Re1 Be6 22. Qxb7 Bxd5 23. Qxd5 Rc8 24. Bxd6 Rd8 25. Be7 Rxd5 26. Bxf6 Rc5 27.
Bxg7 Kxg7 28. Rc1 Kf6 29. Kf1 Ke5 30. Ke2 Ra5 31. Rc2 Ra3 32. Kd2 Kd6 33. Rb2
Kc5 34. Rb7 Kxc4 35. Rc7+ Kd5 36. Rd7+ Ke5 37. Rxf7 Rxa2+ 38. Kd3 Ra3+ 39. Kd2
a5 40. Re7+ Kd6 41. Rh7 a4 42. Rxh6+ Kc5 43. Ra6 Kb5 44. Ra8 Rc3 45. Rb8+ Kc4
0-1

[Event "FIDE World Cup 2019"]
[Site "Khanty-Mansiysk RUS"]
[Date "2019.09.16"]
[Round "5"]
[White "Dominguez Perez, Leinier"]
[Black "Wang, Hao"]
[Result "1/2-1/2"]
[WhiteElo "2763"]
[BlackElo "2726"]
[PlyCount "59"]
[EventDate "2019.09.10"]

1. e4 e5 2. Nf3 Nc6 3. Bb5 Nf6 4. d3 Bc5 5. Bxc6 dxc6 6. O-O Qe7 7. Nbd2 Bg4 8.
h3 Bh5 9. a3 a5 10. Nc4 Nd7 11. g4 Bg6 12. b4 Bb6 13. Nxb6 cxb6 14. Be3 O-O 15.
Qd2 f6 16. Rab1 axb4 17. axb4 b5 18. Nh4 Ra2 19. Kh2 Rfa8 20. Rg1 Nf8 21. Nf5
Qd7 22. h4 h6 23. h5 Bxf5 24. gxf5 Kh8 25. Qd1 Nh7 26. Rg6 Nf8 27. Rg3 Nh7 28.
Rg6 Nf8 29. Rg2 Nh7 30. Rg6 1/2-1/2

[Event "FIDE World Cup 2019"]
[Site "Khanty-Mansiysk RUS"]
[Date "2019.09.16"]
[Round "5"]
[White "Xu, Xiangyu"]
[Black "Grischuk, Alexander"]
[Result "0-1"]
[WhiteElo "2576"]
[BlackElo "2759"]
[PlyCount "78"]
[EventDate "2019.09.10"]

1. d4 Nf6 2. c4 e6 3. Nc3 Bb4 4. Nf3 d5 5. Qa4+ Nc6 6. e3 O-O 7. Qc2 b6 8. Bd2
Bb7 9. a3 Bd6 10. cxd5 exd5 11. Bd3 a6 12. Ne2 Ne7 13. Bc3 Ne4 14. Bxe4 dxe4
15. Ng5 Nd5 16. Nxe4 Qh4 17. N4g3 Nxc3 18. Nxc3 Bxg2 19. Rg1 Bf3 20. Nf5 Qxh2
21. Rxg7+ Kh8 22. Ne4 Bh5 23. Nf6 Bg6 24. O-O-O Be7 25. Qc6 Bxf5 26. Rdg1 Bg6
27. R1xg6 hxg6 28. Rh7+ Qxh7 29. Nxh7 Kxh7 30. Kd2 Bd6 31. e4 Rad8 32. Ke3 Rfe8
33. f4 Re6 34. e5 Kg7 35. Qb7 c5 36. d5 Re7 37. Qxb6 Bxe5 38. fxe5 Rxe5+ 39.
Kf3 Rexd5 0-1

[Event "FIDE World Cup 2019"]
[Site "Khanty-Mansiysk RUS"]
[Date "2019.09.16"]
[Round "5"]
[White "Radjabov, Teimour"]
[Black "Yuffa, Daniil"]
[Result "1-0"]
[WhiteElo "2758"]
[BlackElo "2577"]
[PlyCount "89"]
[EventDate "2019.09.10"]

1. e4 c6 2. Nf3 d5 3. Nc3 Bg4 4. h3 Bxf3 5. Qxf3 e6 6. Be2 Bc5 7. O-O Ne7 8.
Qg3 O-O 9. d3 Nd7 10. Kh1 f5 11. Bg5 Bd4 12. Qd6 Bf6 13. f4 Rf7 14. Bxf6 Rxf6
15. e5 Rf7 16. d4 Nc8 17. Qb4 Qb6 18. a3 c5 19. Qxb6 Ncxb6 20. Nb5 Re7 21. b3
cxd4 22. Nxd4 Nc5 23. g4 Ne4 24. Rg1 Rf8 25. gxf5 exf5 26. h4 g6 27. Rg2 Kf7
28. h5 Rh8 29. Rag1 Ree8 30. a4 a6 31. a5 Nd7 32. c4 dxc4 33. e6+ Rxe6 34. Bxc4
Nf8 35. hxg6+ hxg6+ 36. Rh2 Rg8 37. Nxe6 Nxe6 38. Rh6 Nf2+ 39. Kg2 Ne4 40. Kh2
Nf2 41. Bxe6+ Kxe6 42. Rhxg6+ Rxg6 43. Rxg6+ Kd7 44. Rb6 Kc7 45. Kg3 1-0

[Event "FIDE World Cup 2019"]
[Site "Khanty-Mansiysk RUS"]
[Date "2019.09.16"]
[Round "5"]
[White "Le, Quang Liem"]
[Black "Artemiev, Vladislav"]
[Result "1/2-1/2"]
[WhiteElo "2708"]
[BlackElo "2746"]
[PlyCount "77"]
[EventDate "2019.09.10"]

1. e4 e5 2. Nf3 Nc6 3. Bb5 g6 4. c3 a6 5. Ba4 d6 6. d4 Bd7 7. Bg5 f6 8. Be3 Bh6
9. Qd2 Bxe3 10. Qxe3 Kf8 11. dxe5 fxe5 12. c4 Kg7 13. Nc3 Nf6 14. h3 Nb4 15. a3
b5 16. Bd1 Nc6 17. Be2 bxc4 18. Bxc4 Qb8 19. Nd5 Qa7 20. Nxf6 Qxe3+ 21. fxe3
Kxf6 22. O-O Nd8 23. Rac1 a5 24. Rc2 Ke7 25. Ng5 Be8 26. Bf7 Ra7 27. Bxe8 Kxe8
28. Rcf2 h6 29. Nf7 Rh7 30. Nxd8 Kxd8 31. Rf8+ Ke7 32. Rb8 Rf7 33. Rxf7+ Kxf7
34. Kf2 Ke6 35. Ke2 Ra6 36. Kd3 Rc6 37. Rg8 Kf6 38. Ra8 Rc5 39. h4 1/2-1/2

[Event "FIDE World Cup 2019"]
[Site "Khanty-Mansiysk RUS"]
[Date "2019.09.16"]
[Round "5"]
[White "Yu, Yangyi"]
[Black "Wei, Yi"]
[Result "1/2-1/2"]
[WhiteElo "2763"]
[BlackElo "2721"]
[PlyCount "71"]
[EventDate "2019.09.10"]

1. d4 Nf6 2. c4 g6 3. Nc3 d5 4. cxd5 Nxd5 5. e4 Nxc3 6. bxc3 Bg7 7. Qa4+ Nd7 8.
Nf3 O-O 9. Be2 Nb6 10. Qb4 Qd6 11. O-O Bd7 12. Be3 Qxb4 13. cxb4 Bc6 14. Nd2 f5
15. f3 Rfd8 16. b5 Be8 17. Nb3 Bf7 18. Rac1 fxe4 19. fxe4 Bxb3 20. axb3 Bxd4
21. Bxd4 Rxd4 22. Rxc7 Rxe4 23. Bf3 Re3 24. b4 Rf8 25. Rxb7 Rf4 26. Rb1 Nc4 27.
Rxa7 Nd2 28. Rb2 Nxf3+ 29. gxf3 Rexf3 30. Kg2 Rf8 31. Re2 Rb3 32. Rexe7 Rb2+
33. Kg3 Rb3+ 34. Kg2 Rb2+ 35. Kg3 Rb3+ 36. Kg2 1/2-1/2

[Event "FIDE World Cup 2019"]
[Site "Khanty-Mansiysk RUS"]
[Date "2019.09.16"]
[Round "5"]
[White "Vitiugov, Nikita"]
[Black "Karjakin, Sergey"]
[Result "1-0"]
[WhiteElo "2732"]
[BlackElo "2760"]
[PlyCount "105"]
[EventDate "2019.09.10"]

1. e4 e5 2. Nf3 Nc6 3. Bb5 Nf6 4. d3 Bc5 5. Bxc6 dxc6 6. Nbd2 O-O 7. Qe2 Nd7 8.
Nc4 Re8 9. Bd2 b5 10. Ne3 Nf8 11. h4 a5 12. a4 Bb6 13. h5 Ne6 14. Qd1 Nd4 15.
h6 g6 16. Nxd4 Qxd4 17. axb5 cxb5 18. Qf3 Qd8 19. Nd5 f5 20. Nxb6 cxb6 21. exf5
Bxf5 22. Qb7 Re7 23. Qc6 Bd7 24. Qd5+ Re6 25. O-O Qe8 26. Rae1 Bc6 27. Qa2 Qf7
28. Re3 Rae8 29. Rfe1 R6e7 30. b3 b4 31. Qa1 Qf6 32. R1e2 Bd5 33. Qe1 Re6 34.
Bc1 Qh4 35. Bb2 Bc6 36. Rh3 Qg5 37. Rg3 Qxh6 38. Bxe5 Qh4 39. Ree3 Qe7 40. Bd4
b5 41. Bb6 Qd6 42. Rxe6 Rxe6 43. Re3 Rxe3 44. Qxe3 a4 45. Bc5 Qd5 46. f3 axb3
47. cxb3 Qxb3 48. Qe5 Qf7 49. Bd4 Kf8 50. Bc5+ Kg8 51. Bd4 Kf8 52. Kf2 Qd5 53.
Bc5+ 1-0

[Event "FIDE World Cup 2019"]
[Site "Khanty-Mansiysk RUS"]
[Date "2019.09.16"]
[Round "5"]
[White "Nisipeanu, Liviu-Dieter"]
[Black "Svidler, Peter"]
[Result "1/2-1/2"]
[WhiteElo "2656"]
[BlackElo "2729"]
[PlyCount "176"]
[EventDate "2019.09.10"]

1. e4 e5 2. Nf3 Nc6 3. Bb5 a6 4. Ba4 Nf6 5. O-O Be7 6. Re1 b5 7. Bb3 O-O 8. d4
d6 9. c3 Bg4 10. Be3 exd4 11. cxd4 Na5 12. Bc2 Nc4 13. Bc1 c5 14. b3 Nb6 15.
Nbd2 Nfd7 16. h3 Bh5 17. a4 bxa4 18. bxa4 a5 19. dxc5 Nxc5 20. Rb1 Re8 21. Rb5
Qc7 22. Bb2 Bf8 23. Qa1 Bg6 24. Nh4 d5 25. Nxg6 hxg6 26. e5 Nc4 27. Nxc4 dxc4
28. Rc1 Rab8 29. Qa2 Nd7 30. Rxb8 Qxb8 31. Bxg6 fxg6 32. Rxc4 Re6 33. Rc6 Nc5
34. Rxe6 Nxe6 35. Qxe6+ Kh7 36. Bd4 Qb4 37. Qd7 Bc5 38. Bxc5 Qe1+ 39. Kh2 Qxe5+
40. g3 Qxc5 41. Kg2 Qc4 42. Qg4 Qc6+ 43. Kh2 Qc5 44. Qf4 Qc2 45. h4 Qc5 46. Kg1
Qd5 47. Qg4 Kg8 48. Qc8+ Kh7 49. Qc2 Kh8 50. Kf1 Kh7 51. Ke2 Qd4 52. Qc6 Qb4
53. Kf3 Qb3+ 54. Kg2 Qb4 55. f3 Qd4 56. Qe4 Qd2+ 57. Kh3 Qd1 58. Qc6 Qd4 59.
Qc2 Qg1 60. Qd3 Qa1 61. Qc4 Qb1 62. Qc3 Qd1 63. Qxa5 Qxf3 64. Qd2 Qh1+ 65. Kg4
Qe4+ 66. Qf4 Qe6+ 67. Kf3 Qb3+ 68. Kg2 Qc2+ 69. Kh3 Qc6 70. Qd4 Qf3 71. Qc4
Qh1+ 72. Kg4 Qd1+ 73. Kf4 Qd6+ 74. Kf3 Qd1+ 75. Kg2 Qd2+ 76. Kh3 Qe1 77. Qd5
Qf1+ 78. Kh2 Qf2+ 79. Qg2 Qe1 80. Qc2 Qe5 81. Qd2 Qa1 82. a5 Qa4 83. Qd5 Qc2+
84. Kh3 Qe2 85. Qc6 Qe1 86. Qd5 Qe2 87. Qh1 Qe6+ 88. Kh2 Qa2+ 1/2-1/2

[Event "FIDE World Cup 2019"]
[Site "Khanty-Mansiysk RUS"]
[Date "2019.09.16"]
[Round "5"]
[White "Duda, Jan-Krzysztof"]
[Black "Andreikin, Dmitry"]
[Result "1-0"]
[WhiteElo "2730"]
[BlackElo "2741"]
[PlyCount "103"]
[EventDate "2019.09.10"]

1. e4 e5 2. Nf3 Nc6 3. Bc4 Bc5 4. O-O Nf6 5. d3 d6 6. c3 a5 7. Re1 h6 8. Nbd2
O-O 9. Nf1 Be6 10. Bb5 Bb6 11. h3 Ne7 12. d4 exd4 13. cxd4 d5 14. e5 Ne4 15.
Ng3 Nxg3 16. fxg3 Bf5 17. Bd3 c5 18. dxc5 Bxc5+ 19. Kh2 d4 20. Bxf5 Nxf5 21.
Qc2 Qc8 22. g4 Ne3 23. Bxe3 dxe3 24. g5 Ba7 25. Qe4 Qe6 26. gxh6 Qxh6 27. Qxb7
Qf4+ 28. Kh1 Rfb8 29. Qd5 Rd8 30. Qxa5 Bd4 31. Qb5 Rab8 32. Qc4 Rbc8 33. Qe2
Bxe5 34. a4 Bd4 35. Nxd4 Rxd4 36. a5 Ra4 37. Qg4 Qxg4 38. hxg4 Rxg4 39. Rxe3
Rb4 40. a6 Kf8 41. Rc3 Ra8 42. Rc7 Rxb2 43. a7 g6 44. Rf1 Kg7 45. Rcxf7+ Kh6
46. Ra1 Kg5 47. Kh2 Rb3 48. Kg1 Rb2 49. Ra5+ Kh6 50. Kh2 Rb3 51. Re7 Rc3 52.
Rb7 1-0

[Event "FIDE World Cup 2019"]
[Site "Khanty-Mansiysk RUS"]
[Date "2019.09.16"]
[Round "5"]
[White "Alekseenko, Kirill"]
[Black "Harikrishna, Pentala"]
[Result "1-0"]
[WhiteElo "2671"]
[BlackElo "2746"]
[PlyCount "103"]
[EventDate "2019.09.10"]

1. e4 e5 2. Nf3 Nc6 3. Bc4 Bc5 4. O-O Nf6 5. d3 d6 6. c3 a6 7. a4 h6 8. Re1 O-O
9. h3 Re8 10. a5 Ba7 11. Qb3 Qe7 12. Be3 Bxe3 13. Rxe3 Rb8 14. d4 b5 15. axb6
cxb6 16. Nbd2 b5 17. Bf1 Qc7 18. d5 Ne7 19. c4 b4 20. Qa4 Nd7 21. Qa5 Qxa5 22.
Rxa5 f5 23. Nb3 fxe4 24. Nfd2 Nf6 25. Nxe4 Nxe4 26. Rxe4 Bf5 27. Re1 Bc2 28.
Nd2 Nf5 29. Rxa6 Red8 30. Rea1 Nd4 31. Ra7 Rf8 32. R1a6 Rbd8 33. Rb6 b3 34.
Rbb7 g5 35. c5 dxc5 36. Bc4 Rf6 37. Re7 Kf8 38. Rxe5 Rf7 39. Ra6 Kg7 40. f3
Rdd7 41. d6 Rf8 42. Rxc5 Rfd8 43. Rd5 Nf5 44. Bxb3 Ne3 45. Re5 Rxd6 46. Rxd6
Rxd6 47. Rxe3 Rxd2 48. Bxc2 Rxc2 49. Rb3 h5 50. h4 gxh4 51. Kh2 Rc1 52. Rb4 1-0

[Event "FIDE World Cup 2019"]
[Site "Khanty-Mansiysk RUS"]
[Date "2019.09.17"]
[Round "6"]
[White "Ding, Liren"]
[Black "Firouzja, Alireza"]
[Result "1/2-1/2"]
[WhiteElo "2811"]
[BlackElo "2702"]
[PlyCount "67"]
[EventDate "2019.09.10"]

1. Nf3 d5 2. d4 Nf6 3. c4 e6 4. g3 Be7 5. Bg2 O-O 6. O-O dxc4 7. Qc2 a6 8. a4
Nc6 9. Qxc4 Na5 10. Qc2 b6 11. Ne5 Bb7 12. Bxb7 Nxb7 13. Nc6 Qe8 14. Rd1 Bc5
15. Ne5 Bd6 16. Nc3 c5 17. Ne4 Nxe4 18. Qxe4 cxd4 19. Nc4 Nc5 20. Nxd6 Nxe4 21.
Nxe8 Rfxe8 22. Rxd4 Nf6 23. Be3 Rec8 24. Rd6 Rc2 25. Rc1 Rxb2 26. Rxb6 Rxb6 27.
Bxb6 h6 28. a5 Nd5 29. Rc6 Ne7 30. Rd6 Rc8 31. e4 Rc1+ 32. Kg2 Nc6 33. Kf3 Kf8
34. Ke2 1/2-1/2

[Event "FIDE World Cup 2019"]
[Site "Khanty-Mansiysk RUS"]
[Date "2019.09.17"]
[Round "6"]
[White "Xiong, Jeffery"]
[Black "Giri, Anish"]
[Result "1/2-1/2"]
[WhiteElo "2707"]
[BlackElo "2780"]
[PlyCount "124"]
[EventDate "2019.09.10"]

1. e4 e5 2. Nf3 Nc6 3. Bb5 Nf6 4. O-O Nxe4 5. Re1 Nd6 6. Nxe5 Be7 7. Bf1 Nxe5
8. Rxe5 O-O 9. d4 Bf6 10. Re1 Re8 11. Rxe8+ Nxe8 12. d5 d6 13. Nd2 a5 14. a4
Bd7 15. Ra3 Bg5 16. Nc4 Bxc1 17. Qxc1 Nf6 18. Qd1 Qe7 19. Re3 Qf8 20. b3 b5 21.
axb5 Bxb5 22. Rc3 Qb8 23. Qd4 a4 24. bxa4 Bxa4 25. Ne3 Bd7 26. Qc4 Ra7 27. h3
h6 28. Rb3 Rb7 29. Rxb7 Qxb7 30. Bd3 Kf8 31. Kh2 Qb6 32. g4 Bc8 33. Qb5 Qxb5
34. Bxb5 Ne4 35. Kg2 g5 36. Bd3 Nc3 37. Kg3 Bb7 38. Bc4 Kg7 39. Nf5+ Kf6 40.
Nxh6 Bxd5 41. Bxd5 Nxd5 42. Nf5 Ke5 43. h4 gxh4+ 44. Nxh4 Nb4 45. f4+ Kd5 46.
c3 Na2 47. c4+ Kxc4 48. g5 Nc3 49. Kg4 Ne4 50. f5 Kd5 51. Kf4 Nc5 52. Ng2 Nd3+
53. Ke3 Nb4 54. Kf4 Nd3+ 55. Ke3 Nc5 56. Kf4 Nd7 57. Ne3+ Kd4 58. g6 fxg6 59.
fxg6 Nf8 60. Nf5+ Kd3 61. Nxd6 Nxg6+ 62. Kf5 Nf8 1/2-1/2

[Event "FIDE World Cup 2019"]
[Site "Khanty-Mansiysk RUS"]
[Date "2019.09.17"]
[Round "6"]
[White "Vachier-Lagrave, Maxime"]
[Black "Jakovenko, Dmitry"]
[Result "1/2-1/2"]
[WhiteElo "2774"]
[BlackElo "2681"]
[PlyCount "104"]
[EventDate "2019.09.10"]

1. e4 e5 2. Nf3 Nc6 3. Bb5 Nf6 4. O-O Nxe4 5. d4 Nd6 6. Bxc6 dxc6 7. dxe5 Nf5
8. Qxd8+ Kxd8 9. h3 Ne7 10. Nc3 Bd7 11. b3 Ng6 12. Bb2 Kc8 13. Rae1 h6 14. Nd2
Nf4 15. Ne2 Bb4 16. c3 Nxe2+ 17. Rxe2 Be7 18. c4 h5 19. e6 Bxe6 20. Bxg7 Rg8
21. Bc3 Bd6 22. Kh1 b5 23. cxb5 Bd5 24. Ne4 cxb5 25. Nxd6+ cxd6 26. f3 Kd7 27.
Rd1 Be6 28. Re5 Rac8 29. Bb4 d5 30. Rxh5 Rc2 31. Rd2 Rxd2 32. Bxd2 Rc8 33. Be3
a5 34. f4 Rc3 35. Bb6 Rc1+ 36. Kh2 Rf1 37. Kg3 a4 38. Bf2 Kd6 39. Rh6 Kd7 40.
Rh5 Kd6 41. f5 Bd7 42. Rh7 Bxf5 43. Rxf7 Ke6 44. Rb7 Ra1 45. bxa4 bxa4 46. Rb2
Bd3 47. Bd4 Rd1 48. Kf4 Bf1 49. Bc5 d4 50. a3 d3 51. Bb4 Rc1 52. Rf2 Be2
1/2-1/2

[Event "FIDE World Cup 2019"]
[Site "Khanty-Mansiysk RUS"]
[Date "2019.09.17"]
[Round "6"]
[White "Vidit, Santosh Gujrathi"]
[Black "So, Wesley"]
[Result "1/2-1/2"]
[WhiteElo "2718"]
[BlackElo "2767"]
[PlyCount "89"]
[EventDate "2019.09.10"]

1. c4 e5 2. Nc3 Nf6 3. Nf3 Nc6 4. g3 d5 5. cxd5 Nxd5 6. Bg2 Bc5 7. O-O O-O 8.
d3 Re8 9. Nxd5 Qxd5 10. Bd2 Qd8 11. Rc1 Bb6 12. b4 Nd4 13. a4 a6 14. Bc3 Nxf3+
15. Bxf3 c6 16. b5 cxb5 17. axb5 axb5 18. Qb3 Bd7 19. Bxb7 Rb8 20. Be4 Qf6 21.
e3 Bf5 22. Bb4 Bxe4 23. dxe4 h5 24. Qd1 Qg6 25. Qf3 Bd8 26. Rfd1 Be7 27. Rb1
Bxb4 28. Rxb4 Qg4 29. Kg2 f6 30. Rd5 Qxf3+ 31. Kxf3 g5 32. Ke2 Rec8 33. f4 exf4
34. gxf4 gxf4 35. Rxh5 fxe3 36. Kxe3 Kf7 37. h4 Rh8 38. Rbxb5 Rxb5 39. Rxh8 Kg7
40. Ra8 Rh5 41. Ra7+ Kg6 42. Ra6 Kg7 43. Ra7+ Kg6 44. Ra6 Kg7 45. Ra7+ 1/2-1/2

[Event "FIDE World Cup 2019"]
[Site "Khanty-Mansiysk RUS"]
[Date "2019.09.17"]
[Round "6"]
[White "Nepomniachtchi, Ian"]
[Black "Tomashevsky, Evgeny"]
[Result "1/2-1/2"]
[WhiteElo "2776"]
[BlackElo "2718"]
[PlyCount "73"]
[EventDate "2019.09.10"]

1. e4 e5 2. Nf3 Nc6 3. Bb5 Nf6 4. O-O Nxe4 5. Re1 Nd6 6. Nxe5 Be7 7. Bf1 Nxe5
8. Rxe5 O-O 9. d4 Bf6 10. Re1 Re8 11. c3 Rxe1 12. Qxe1 Ne8 13. d5 Qe7 14. Qd1
b6 15. Na3 Bb7 16. g3 Nd6 17. Bg2 Bg5 18. Nc2 Re8 19. Be3 Nf5 20. d6 Nxd6 21.
Bxg5 Qxg5 22. Bxb7 Nxb7 23. Qxd7 Qe7 24. Qc6 Qe4 25. Qxe4 Rxe4 26. Kf1 Kf8 27.
Rd1 Re8 28. Rd7 Re7 29. Rd5 c6 30. Rd1 Re6 31. Rd7 Re7 32. Rd4 g6 33. h4 h5 34.
Rd1 Re6 35. f3 Nc5 36. b3 Ke7 37. Kf2 1/2-1/2

[Event "FIDE World Cup 2019"]
[Site "Khanty-Mansiysk RUS"]
[Date "2019.09.17"]
[Round "6"]
[White "Matlakov, Maxim"]
[Black "Aronian, Levon"]
[Result "0-1"]
[WhiteElo "2716"]
[BlackElo "2758"]
[PlyCount "78"]
[EventDate "2019.09.10"]

1. e4 e5 2. Nf3 Nc6 3. Bc4 Nf6 4. d3 Bc5 5. c3 O-O 6. O-O d5 7. exd5 Nxd5 8.
Re1 Bg4 9. Nbd2 Nb6 10. h3 Bh5 11. Bb3 Kh8 12. Ne4 Be7 13. Ng3 Bxf3 14. Qxf3 f5
15. a4 a5 16. d4 f4 17. Nh5 g6 18. dxe5 gxh5 19. Qxh5 Qd3 20. Bf7 Rxf7 21. Qxf7
Rf8 22. Qh5 Bc5 23. Qf3 Qxf3 24. gxf3 Rf5 25. Re4 Nxe5 26. Bxf4 Bd6 27. Kg2 Nd5
28. Bg3 Ng6 29. Rd1 Kg7 30. h4 Kf7 31. Rd2 Nf6 32. Red4 Nf4+ 33. Kh2 Ne6 34.
Rc4 Bxg3+ 35. fxg3 Rxf3 36. Kg2 Re3 37. g4 Ke7 38. Rf2 Ne4 39. Rf5 Nd6 0-1

[Event "FIDE World Cup 2019"]
[Site "Khanty-Mansiysk RUS"]
[Date "2019.09.17"]
[Round "6"]
[White "Mamedyarov, Shakhriyar"]
[Black "Safarli, Eltaj"]
[Result "1/2-1/2"]
[WhiteElo "2767"]
[BlackElo "2593"]
[PlyCount "41"]
[EventDate "2019.09.10"]

1. Nf3 f5 2. d3 Nc6 3. d4 e6 4. g3 Nf6 5. Bg2 g6 6. c4 Bg7 7. d5 exd5 8. cxd5
Ne7 9. Nc3 c6 10. d6 Ned5 11. Nxd5 Nxd5 12. O-O Qf6 13. Ng5 h6 14. Bxd5 cxd5
15. Nf3 Qxd6 16. Bf4 Qe6 17. Nd4 Qb6 18. Nf3 Qe6 19. Nd4 Qb6 20. Nf3 Qe6 21.
Nd4 1/2-1/2

[Event "FIDE World Cup 2019"]
[Site "Khanty-Mansiysk RUS"]
[Date "2019.09.17"]
[Round "6"]
[White "Wang, Hao"]
[Black "Dominguez Perez, Leinier"]
[Result "1/2-1/2"]
[WhiteElo "2726"]
[BlackElo "2763"]
[PlyCount "81"]
[EventDate "2019.09.10"]

1. e4 e5 2. Nf3 Nc6 3. Bb5 Nf6 4. O-O Nxe4 5. Re1 Nd6 6. Nxe5 Be7 7. Bf1 Nxe5
8. Rxe5 O-O 9. d4 Bf6 10. Re1 Re8 11. Rxe8+ Nxe8 12. d5 b6 13. a4 a5 14. Na3
Nd6 15. c3 Bg5 16. Nb5 Nxb5 17. Bxb5 Bb7 18. Qd3 Bxc1 19. Rxc1 c6 20. Bc4 Qg5
21. Rd1 Re8 22. Qh3 cxd5 23. Qxd7 Qe7 24. Qxe7 Rxe7 25. f3 Rd7 26. Bb5 Rd6 27.
b4 Kf8 28. bxa5 bxa5 29. c4 Ke7 30. c5 Re6 31. Kf2 g5 32. h3 h6 33. Rc1 Bc8 34.
g4 Kd8 35. Rd1 Re5 36. Bc6 Be6 37. Rd4 Kc7 38. Bb5 f5 39. Rd2 f4 40. Rd3 Bf7
41. Rd1 1/2-1/2

[Event "FIDE World Cup 2019"]
[Site "Khanty-Mansiysk RUS"]
[Date "2019.09.17"]
[Round "6"]
[White "Grischuk, Alexander"]
[Black "Xu, Xiangyu"]
[Result "1-0"]
[WhiteElo "2759"]
[BlackElo "2576"]
[PlyCount "65"]
[EventDate "2019.09.10"]

1. d4 Nf6 2. c4 e6 3. Nf3 d5 4. g3 g6 5. Bg2 Bg7 6. O-O O-O 7. b3 Nc6 8. Bb2 b6
9. Nbd2 Bb7 10. Rc1 Ne7 11. Qc2 Rc8 12. Rfd1 Re8 13. Ne5 Nd7 14. Nd3 Nf6 15.
Ne5 h5 16. e4 dxe4 17. Nxe4 Nxe4 18. Bxe4 Bxe4 19. Qxe4 c6 20. Qf3 Bxe5 21.
dxe5 Qc7 22. h3 Rcd8 23. Qf6 Nc8 24. Rd6 Qe7 25. Qxe7 Nxe7 26. Rcd1 Rb8 27. Bc1
c5 28. Bg5 Rb7 29. g4 Rc7 30. Rd8 Rxd8 31. Rxd8+ Kh7 32. Bf6 Ng8 33. g5 1-0

[Event "FIDE World Cup 2019"]
[Site "Khanty-Mansiysk RUS"]
[Date "2019.09.17"]
[Round "6"]
[White "Yuffa, Daniil"]
[Black "Radjabov, Teimour"]
[Result "1/2-1/2"]
[WhiteElo "2577"]
[BlackElo "2758"]
[PlyCount "100"]
[EventDate "2019.09.10"]

1. d4 Nf6 2. c4 e6 3. Nc3 Bb4 4. Nf3 b6 5. Bd2 Bb7 6. e3 Bxc3 7. Bxc3 Ne4 8.
Bb4 d6 9. Bd3 O-O 10. O-O f5 11. Be1 Nd7 12. Nd2 Qg5 13. f4 Qg6 14. Nxe4 Bxe4
15. Bxe4 fxe4 16. Qa4 Nf6 17. Qc6 Qh5 18. Bf2 Rac8 19. b4 Qe8 20. d5 exd5 21.
cxd5 Qxc6 22. dxc6 Nd5 23. a3 b5 24. Rfd1 Nb6 25. Rd4 Rfe8 26. g4 Rb8 27. Rc1
a6 28. Be1 Nc4 29. Rcxc4 bxc4 30. Rxc4 h5 31. Kg2 hxg4 32. Kg3 d5 33. Rc5 Rb5
34. f5 Rd8 35. Kf4 Rxc5 36. bxc5 d4 37. exd4 Rxd4 38. Ke5 Rd8 39. Ba5 Re8+ 40.
Kd4 Re7 41. Bd2 Kf7 42. Bg5 Re8 43. Bf4 e3 44. Bxe3 Kf6 45. Bf4 Rd8+ 46. Ke4
Re8+ 47. Kd5 Rd8+ 48. Ke4 Re8+ 49. Kd5 Rd8+ 50. Ke4 Re8+ 1/2-1/2

[Event "FIDE World Cup 2019"]
[Site "Khanty-Mansiysk RUS"]
[Date "2019.09.17"]
[Round "6"]
[White "Artemiev, Vladislav"]
[Black "Le, Quang Liem"]
[Result "1/2-1/2"]
[WhiteElo "2746"]
[BlackElo "2708"]
[PlyCount "77"]
[EventDate "2019.09.10"]

1. Nf3 c5 2. c4 Nc6 3. d4 cxd4 4. Nxd4 Nf6 5. Nc3 e6 6. e4 Bb4 7. Nxc6 bxc6 8.
Bd3 e5 9. O-O O-O 10. h3 h6 11. Na4 d5 12. a3 Bd6 13. cxd5 cxd5 14. exd5 e4 15.
Bc2 Qe7 16. Re1 Bf5 17. Nc3 Rab8 18. Be3 Be5 19. Bd4 Rfd8 20. Bxe5 Qxe5 21. Qc1
Rbc8 22. Qb1 Rb8 23. Qc1 Bg6 24. Qe3 Rxb2 25. Bxe4 Nxe4 26. Nxe4 Qxd5 27. Nc3
Qa5 28. Rad1 Rc8 29. Nd5 Kh7 30. Nf4 Rcc2 31. Nxg6 fxg6 32. Rf1 Re2 33. Qf3 Qe5
34. Qa8 Qb8 35. Qxb8 Rxb8 36. Rd7 Ra2 37. Rxa7 Rb3 38. a4 Rb4 39. a5 1/2-1/2

[Event "FIDE World Cup 2019"]
[Site "Khanty-Mansiysk RUS"]
[Date "2019.09.17"]
[Round "6"]
[White "Wei, Yi"]
[Black "Yu, Yangyi"]
[Result "1/2-1/2"]
[WhiteElo "2721"]
[BlackElo "2763"]
[PlyCount "60"]
[EventDate "2019.09.10"]

1. e4 e5 2. Nf3 Nc6 3. Bb5 a6 4. Ba4 Nf6 5. O-O Be7 6. Re1 b5 7. Bb3 d6 8. c3
O-O 9. h3 Na5 10. Bc2 c5 11. d4 Qc7 12. Nbd2 cxd4 13. cxd4 Nc6 14. Nb3 a5 15.
Be3 a4 16. Nbd2 Bd7 17. a3 Rfc8 18. Bd3 Qb7 19. dxe5 Nxe5 20. Nxe5 dxe5 21. Nf3
Bc6 22. Nxe5 Bxe4 23. Bxe4 Nxe4 24. Qf3 Nd6 25. Qxb7 Nxb7 26. Rad1 Na5 27. Rd5
b4 28. axb4 Bxb4 29. Red1 f6 30. Rb5 Rab8 1/2-1/2

[Event "FIDE World Cup 2019"]
[Site "Khanty-Mansiysk RUS"]
[Date "2019.09.17"]
[Round "6"]
[White "Karjakin, Sergey"]
[Black "Vitiugov, Nikita"]
[Result "1/2-1/2"]
[WhiteElo "2760"]
[BlackElo "2732"]
[PlyCount "60"]
[EventDate "2019.09.10"]

1. e4 e5 2. Nf3 Nc6 3. Bc4 Bc5 4. c3 Nf6 5. d3 d6 6. O-O a6 7. a4 Ba7 8. Re1
O-O 9. h3 Kh8 10. b4 Ng8 11. Nbd2 f5 12. b5 Nce7 13. bxa6 bxa6 14. Ba2 Nf6 15.
exf5 Nxf5 16. Ng5 Qe8 17. d4 h6 18. Ngf3 Bb7 19. dxe5 dxe5 20. Rxe5 Qg6 21. Qc2
Nh5 22. Re6 Bxf2+ 23. Kxf2 Qg3+ 24. Kg1 Nf4 25. Nf1 Nxh3+ 26. Kh1 Nf2+ 27. Kg1
Nh3+ 28. Kh1 Nf2+ 29. Kg1 Nh3+ 30. Kh1 Nf2+ 1/2-1/2

[Event "FIDE World Cup 2019"]
[Site "Khanty-Mansiysk RUS"]
[Date "2019.09.17"]
[Round "6"]
[White "Svidler, Peter"]
[Black "Nisipeanu, Liviu-Dieter"]
[Result "1/2-1/2"]
[WhiteElo "2729"]
[BlackElo "2656"]
[PlyCount "61"]
[EventDate "2019.09.10"]

1. e4 e6 2. d4 d5 3. Nc3 Bb4 4. e5 c5 5. a3 Ba5 6. b4 cxd4 7. Nb5 Bc7 8. f4 Bd7
9. Nxc7+ Qxc7 10. Bd3 Ba4 11. Bb2 Ne7 12. Nf3 Nbc6 13. Qd2 a6 14. O-O Qb6 15.
Qf2 Bb5 16. Bxd4 Nxd4 17. Qxd4 Qxd4+ 18. Nxd4 Bxd3 19. cxd3 Rc8 20. Rac1 Kd7
21. Kf2 Rxc1 22. Rxc1 Rc8 23. Rxc8 Nxc8 24. Ke3 Ne7 25. a4 Nc6 26. Nxc6 Kxc6
27. d4 b5 28. a5 Kd7 29. g4 Ke7 30. h4 g6 31. h5 1/2-1/2